Culture générale - Quiz #saisons - Statistiques

Statistiques générales
  • Ce quiz a été pris 112 fois
  • Le résultat moyen est 6 sur 10
Statistiques - réponses
Indices Réponses % Correct
Quel chanteur, surnommé Cloclo, a interprété : Y'a le printemps qui chante ? Claude François
88%
Concerto de Vivaldi Les Quatre Saisons
80%
Dans une célèbre expression, quel oiseau ne fait pas le printemps ? Hirondelle
76%
Quel dramaturge anglais a écrit : Le songe d'une nuit d'été ? William Shakespeare
69%
Nationalité de l'été en Amérique du Nord quand les arbres se teintent de rouge, jaune et orangé Indien
68%
L'hiver de quelle année l'Abbé Pierre a-t-il lancé son appel ? 1954
55%
Ville du Cher qui a son festival au printemps Bourges
53%
Comment est l'été dans un film de 1983 avec Isabelle Adjani et Alain Souchon ? Meurtrier
39%
Quel écrivain et poète a écrit le recueil : Les feuilles d'automne ? Victor Hugo
24%
Qui a composé le ballet : Le Sacre du printemps ? Igor Stravinsky
17%
Aucun quiz correspondant
Distribution des résultats
% des personnes avec chaque résultat
Percentile par nombre de réponses
Votre historique - résultats
Vous n’avez pas pris ce quiz